000 00801cam a22002175a 4500
001 L158688
008 150618s2012 xxk f 000 0 eng d
035 _a(Sirsi) u158688
041 0 _aeng
100 1 _aEldridge, Christopher
245 _aCelebrating 150 years of Bruton Knowles heritage
_bHonouring our past, celebrating our future
260 _aGloucester
_bBruton Knowles
_c2012
300 _a46p, 21 cm
520 _aTraces the 150 years history of Gloucester based firm of chartered surveyors Bruton Knowles founded in 1862 by William Knowles and Henry Bruton. Illustrated with photographs and brochures throughout.
590 _aKA
650 2 4 _aBRUTON KNOWLES
650 2 4 _aABOUT RICS-RICS MEMBERS
651 4 _aUnited Kingdom
_y
690 _aAuctioneering
_96218
942 _n0
999 _c115457
_d115457